| 000 | 00643nam a2200181 4500 | ||
|---|---|---|---|
| 001 | 144701 | ||
| 003 | ES-MaACL | ||
| 005 | 20230906201058.0 | ||
| 007 | t| | ||
| 008 | 070214s1913 xxk r ||||1| eng d | ||
| 100 | 1 |
_aSkeat, Walter W. _9106740 |
|
| 245 | 1 | 4 |
_aThe past at our doors _b: or The old in the new around us / _cWalter W. Skeat. |
| 260 |
_aLondon : _b[s. n.], _c1913 ( _eEdinburgh : _fR. & R. Clark) |
||
| 300 |
_aXI, 198 p. : _bil. ; _c18 x 12 cm. |
||
| 505 | 8 | _aContiene: The story of our food ----- The story of our dress ------ The story of our homes | |
| 740 | 0 | _aThe old in the new around us. | |
| 852 |
_aES-MaACL _jG-14726 |
||
| 999 |
_c144701 _d144701 |
||